00497 a2200169 450000100060000002000180000604000240002410000210004824000370006924500320010630000070013836200090014565000430015494200070019795201060020499900170031047708 a9780746064795 cAnchieta - Aquarius aAllen, Francesca10aUsborne look and say schoolleng10aUsborne look and say school a100 a2005 4aLiteratura infanto-juvenil em inglês cBK 00104070a87.1b87.1d2023-11-21l0o028.573 ALL USBp6624/AQUr2023-11-21 15:14:37w2023-11-21yBK c47708d47708